Teoría marxista de las clases sociales / (Registro nro. 7386)
[ vista simple ]
| 000 -LEADER | |
|---|---|
| fixed length control field | 01207nam a22002657a 4500 |
| 003 - CONTROL NUMBER IDENTIFIER | |
| control field | OSt |
| 005 - DATE AND TIME OF LATEST TRANSACTION | |
| control field | 20210301132850.0 |
| 008 - FIXED-LENGTH DATA ELEMENTS--GENERAL INFORMATION | |
| fixed length control field | 210301s1971 ck ||||gr|||| 00| 0 spa d |
| 040 ## - CATALOGING SOURCE | |
| Original cataloging agency | CO-JMCR |
| Transcribing agency | CO-JMCR |
| 082 04 - DEWEY DECIMAL CLASSIFICATION NUMBER | |
| Classification number | 301.44 / |
| Item number | M392t |
| Edition number | 23 |
| 100 1# - MAIN ENTRY--PERSONAL NAME | |
| Personal name | Marx, Carlos, |
| Relator term | autor |
| 9 (RLIN) | 14150 |
| 245 1# - TITLE STATEMENT | |
| Title | Teoría marxista de las clases sociales / |
| Statement of responsibility, etc. | Carlos Marx, Federico Engels, V. I. Lenin, Stalin, Mao Tse Tung |
| 260 ## - PUBLICATION, DISTRIBUTION, ETC. | |
| Place of publication, distribution, etc. | Medellín, Colombia : |
| Name of publisher, distributor, etc. | Tiempo critico, |
| Date of publication, distribution, etc. | 1971 |
| 300 ## - PHYSICAL DESCRIPTION | |
| Extent | 197 páginas ; |
| Dimensions | 20 cm. |
| 490 0# - SERIES STATEMENT | |
| Series statement | Pensamiento Marxista |
| 500 ## - GENERAL NOTE | |
| General note | Notas a pie de página. |
| 505 0# - FORMATTED CONTENTS NOTE | |
| Title | Las clases en el capitalismo / |
| Statement of responsibility | Carlos Marx |
| Title | Burgueses contra proletariados / |
| Statement of responsibility | Carlos Marx |
| -- | Federico Engel -- |
| Title | Clases y lucha de clases / |
| Statement of responsibility | V. I. Lenin |
| Title | Las clases y la lucha de clases / |
| Statement of responsibility | Nikolai Bujarin -- |
| Title | La conciencia de clases / |
| Statement of responsibility | Georgy Lukacs -- |
| Title | Análisis de las clases en la sociedad China / |
| Statement of responsibility | Mao Tse Tung |
| 650 14 - SUBJECT ADDED ENTRY--TOPICAL TERM | |
| Topical term or geographic name entry element | Clases sociales. |
| 9 (RLIN) | 1748 |
| 650 24 - SUBJECT ADDED ENTRY--TOPICAL TERM | |
| Topical term or geographic name entry element | Escuela marxista de sociología |
| 9 (RLIN) | 14151 |
| 700 1# - ADDED ENTRY--PERSONAL NAME | |
| Personal name | Engels, Federico, |
| Relator term | autor |
| 9 (RLIN) | 14152 |
| 700 1# - ADDED ENTRY--PERSONAL NAME | |
| Personal name | Lenin, V. I., |
| Relator term | autor |
| 9 (RLIN) | 14153 |
| 700 1# - ADDED ENTRY--PERSONAL NAME | |
| Personal name | Stalin, |
| Relator term | autor |
| 9 (RLIN) | 14154 |
| 700 1# - ADDED ENTRY--PERSONAL NAME | |
| Personal name | Tse Tung, Mao, |
| Relator term | autor |
| 9 (RLIN) | 14155 |
| 942 ## - ADDED ENTRY ELEMENTS (KOHA) | |
| Source of classification or shelving scheme | Dewey Decimal Classification |
| Koha item type | Books |
| Withdrawn status | Lost status | Source of classification or shelving scheme | Damaged status | Not for loan | Home library | Current library | Shelving location | Date acquired | Source of acquisition | Total Checkouts | Full call number | Barcode | Date last seen | Date last checked out | Copy number | Price effective from | Koha item type |
|---|---|---|---|---|---|---|---|---|---|---|---|---|---|---|---|---|---|
| Dewey Decimal Classification | Biblioteca Pública José María del Castillo y Rada | Biblioteca Pública José María del Castillo y Rada | General Stacks | 02/25/2021 | Donación | 1 | 301.44 / M392t | 201810660 | 05/24/2024 | 05/24/2024 | Ej.1 | 02/25/2021 | Books |